| 000 | 00561nam a2200193 u 4500 | ||
|---|---|---|---|
| 005 | 20240910063822.0 | ||
| 008 | 100128s2005 r 000 0 eng d | ||
| 020 | _a970240729X | ||
| 035 | _aUPN01000174365 | ||
| 049 | _aCG | ||
| 050 | 4 |
_aPN6071 H7.27 _bM8.4 |
|
| 100 | 1 |
_aMurray Prisant, Guillermo, _d1957- _931523 |
|
| 245 | 1 | 0 |
_aAzra-Brahyana / _cGuillermo Murray Prisant. |
| 260 |
_aMéxico : _bPatria, _c2005. |
||
| 300 |
_a158 p. : _bil. |
||
| 440 | 0 |
_aLeyendas de misterio. _pPatria para jóvenes |
|
| 650 | 4 |
_aCuentos de terror _92404 |
|
| 905 | _aLibro | ||
| 999 |
_c146469 _d146469 |
||